00000000cam 2200000zi 4500
0019.951984
003CaOODSP
00520260206070120
006m     o  d f      
007cr mn|||||||||
008250605t20252025onc     o    f000 0 fre d
020 |a9780660777030
040 |aCaOODSP|bfre|erda|cCaOODSP
0410 |afre|beng
043 |an-cn---
0861 |aCi4-226/2025F-PDF
24500|aOutil d’évaluation des campagnes publicitaires (OECP) de la campagne sur les services aux nouveaux arrivants 2024-25 : |brapport final / |cpréparé pour Immigration, réfugiés et citoyenneté Canada.
264 1|aOttawa (Ontario) : |bImmigration, réfugiés et citoyenneté Canada = Immigration, Refugees and Citizenship Canada, |c2025.
264 4|c©2025
300 |a1 ressource en ligne (11 pages) + |eannexe 2 (24 pages non numérotées)
336 |atexte|btxt|2rdacontent/fre
337 |ainformatique|bc|2rdamedia/fre
338 |aressource en ligne|bcr|2rdacarrier/fre
500 |aLe fichier de publication en format PDF a été remplacé le 05-02-2026 à la requête de Immigration, réfugiés et citoyenneté Canada.
500 |aPublié aussi en anglais sous le titre : 2024-25 newcomer services campaign advertising campaign evaluation tool (ACET): final report.
500 |a« Fournisseur : Ipsos. »
500 |a« Numéro du contrat : CW2382707. »
500 |a« Date de livraison : 13-03-2025. »
500 |a« Numéro d'enregistrement : POR 073-24. »
546 |aTexte en anglais; Annexe 2 en anglais et en français.
650 6|aImmigrants|xServices|zCanada|xOpinion publique.
650 6|aRéfugiés|xServices|zCanada|xOpinion publique.
650 6|aPublicité d'État|zCanada|xOpinion publique.
650 6|aCampagnes publicitaires|zCanada|xOpinion publique.
650 6|aOpinion publique|zCanada.
650 6|aImmigrants|zCanada|xAttitudes.
650 6|aRéfugiés|zCanada|xAttitudes.
7101 |aCanada. |bImmigration, réfugiés et citoyenneté Canada, |eorganisme de publication.
7102 |aIpsos (Firme), |econsultant.
77508|t2024-25 newcomer services campaign advertising campaign evaluation tool (ACET) : |w(CaOODSP)9.951981
795 |tCampagne publicitaire sur les services à l'intention des nouveaux arrivants 2023-2024, outil d'évaluation de campagnes publicitaires (OECP) : |w(CaOODSP)9.935970
85640|qPDF|s407 Ko|uhttps://publications.gc.ca/collections/collection_2025/ircc/Ci4-226-2025-fra.pdf|z(rapport final)
85640|qPDF|s743 Ko|uhttps://publications.gc.ca/collections/collection_2025/ircc/Ci4-226-2025-1.pdf|z(annexe 2)
8564 |qHTML|sS.O.|uhttps://epe.bac-lac.gc.ca/100/200/301/pwgsc-tpsgc/por-ef/immigration_refugees/2025/073-24-f/073-24-rapport.html|z(rapport final)
8564 |qHTML|sS.O.|uhttps://epe.lac-bac.gc.ca/100/200/301/pwgsc-tpsgc/por-ef/immigration_refugees/2025/073-24-f/index.html|z(ensemble de données complet)